| 000 | 00427nam a2200169Ia 4500 | ||
|---|---|---|---|
| 001 | 17132 | ||
| 005 | 20260306170402.0 | ||
| 008 | 260306t9999||||xx |||||||||||||| ||und|| | ||
| 041 | _aESP | ||
| 082 |
_a657.46 _bV. 1 D88 |
||
| 100 |
_aDomÃnguez Soto, Leenin Krenlin _eAUT |
||
| 245 | 0 | _aIngresos y gastos asociados con contratos de clientes | |
| 300 |
_a _c |
||
| 650 | _aGEN | ||
| 654 | _aCCO | ||
| 942 |
_cLIB _dJUS _fJUS _2ddc _n |
||
| 999 |
_c17132 _d17132 |
||